000 00466cam a2200193ua 4500
001 4188
005 20260515113811.0
008 111220n ii |||gr||||Z||||||asm
040 _cMAIN
082 _a891.4513
100 1 _aSarma, Deveswar,
245 1 1 _aGalpa malika
_cby Deveswar Sarma
250 _a1st.
260 _aJorhat:
_bDarpanath Sarma,961.
300 _a107p:
_c23cm.
653 _aAssamese short stories
653 _aMekong noi dekhilo
942 _cBK
999 _c4006
_d4006